| 000 | 00954nam a2200241 i 4500 | ||
|---|---|---|---|
| 001 | 175402 | ||
| 003 | ES-MaACL | ||
| 005 | 20250809063537.0 | ||
| 008 | 101026s1994 mr |||| | spa d | ||
| 080 | _a528.9(460) | ||
| 080 | _a94(64 Tetuán) | ||
| 100 | 1 |
_aVilar, Juan Bautista, _d1941-2018 _9114797 |
|
| 245 | 1 | 0 |
_aTetuán en la cartografía española _b: presentación y estudio de treinta planos originales (1562-1912) / _cJuan-Bta. Vilar. |
| 260 |
_a[Tétouan : _bUniversité, _c1994] |
||
| 300 |
_aP. 72-88 ; _c21 x 30 cm. |
||
| 546 | _aTexto de la cub. en árabe. | ||
| 595 | _aSeparata de: Actas del Congreso sobre Historia de Tetuán (1860-1912). Tetuán, 1992. | ||
| 597 | _aEjemplar fotocopiado. | ||
| 650 | 4 |
_aCartografía- _zEspaña- _xHistoria- _vCongresos y asambleas. _910806 |
|
| 651 | 4 |
_aTetuán- _xHistoria. _9143732 |
|
| 852 |
_aES-MaACL _j2281-F-23 _z. - Dedicatoria autógrafa del autor |
||
| 999 |
_c175402 _d175402 |
||